Welcome to CU Library Online Public Access Catalogue (OPAC)

Clinical Ophthalmology/ (Record no. 4103)

MARC details
000 -LEADER
fixed length control field 00499nam a22001577a 4500
005 - DATE AND TIME OF LATEST TRANSACTION
control field 20250221215345.0
008 - FIXED-LENGTH DATA ELEMENTS--GENERAL INFORMATION
fixed length control field 250221b |||||||| |||| 00| 0 eng d
020 ## - INTERNATIONAL STANDARD BOOK NUMBER
International Standard Book Number 9780080450094
050 ## - LIBRARY OF CONGRESS CALL NUMBER
Classification number RE46
Item number .K35
100 ## - MAIN ENTRY--PERSONAL NAME
Personal name Kanski, Jack J.
245 ## - TITLE STATEMENT
Title Clinical Ophthalmology/
Remainder of title a systematic approach
Statement of responsibility, etc. Jack J. Kanski
250 ## - EDITION STATEMENT
Edition statement 6th ed.
Remainder of edition statement international edition
260 ## - PUBLICATION, DISTRIBUTION, ETC.
Place of publication, distribution, etc. Edinburgh
Name of publisher, distributor, etc. Butterworth Heinemann/ Elsevier
Date of publication, distribution, etc. 2007
300 ## - PHYSICAL DESCRIPTION
Extent vii. 931p.
Other physical details ill. color
Dimensions 27.5cm
942 ## - ADDED ENTRY ELEMENTS (KOHA)
Source of classification or shelving scheme Library of Congress Classification
Koha item type Books
Edition 6th ed.
Suppress in OPAC No
999 ## -
-- 4103
-- 4103
Holdings
Withdrawn status Lost status Source of classification or shelving scheme Damaged status Not for loan Collection Home library Current library Shelving location Date acquired Total checkouts Full call number Barcode Date last seen Copy number Price effective from Koha item type
    Library of Congress Classification     Non-fiction Science Library (Miotso) Science Library (Miotso) General stacks 02/21/2025   RE46 .K35 KAN SLM00003579 02/21/2025 1 02/21/2025 Books
    Library of Congress Classification     Non-fiction Science Library (Miotso) Science Library (Miotso) General stacks 02/21/2025   RE46 .K35 KAN SLM00003580 02/21/2025 2 02/21/2025 Books
    Library of Congress Classification     Non-fiction Science Library (Miotso) Science Library (Miotso) General stacks 02/21/2025   RE46 .K35 KAN SLM00003581 02/21/2025 3 02/21/2025 Books
    Library of Congress Classification     Non-fiction Science Library (Miotso) Science Library (Miotso) General stacks 02/21/2025   RE46 .K35 KAN SLM00003582 02/21/2025 4 02/21/2025 Books
    Library of Congress Classification     Non-fiction Science Library (Miotso) Science Library (Miotso) General stacks 02/21/2025   RE46 .K35 KAN SLM00003583 02/21/2025 5 02/21/2025 Books
© 2023-2024 Copyright: Central University Libraries. All Rights Reserved | Created by: Mahone Tech Office